[Event "Quebec-ch U12"]
[Site "Montreal"]
[Date "2017.03.05"]
[Round "5"]
[White "Arcand, Louis"]
[Black "Hall, Arturo"]
[Result "1-0"]
[WhiteElo "1271"]
[BlackElo "1136"]
[PlyCount "145"]
[EventDate "2017.03.04"]
[EventType "swiss"]
[EventRounds "5"]
[EventCountry "CAN"]
[SourceTitle "EXT 2022"]
[Source "ChessBase"]
[SourceDate "2021.10.06"]
[SourceVersion "1"]
[SourceVersionDate "2021.10.06"]
[SourceQuality "1"]

1. d4 d5 2. c4 c6 3. Nc3 Nf6 4. Bg5 Nbd7 5. Nf3 h6 6. Bh4 e6 7. e3 Bb4 8. Ne5 0-0 9. Qc2 Be7 10. Nf3 b6 11. e4 Bb7 12. Bd3 g6 13. e5 Ne8 14. Bxe7 Qxe7 15. 0-0 Ng7 16. Qd2 Kh7 17. h3 Rh8 18. Nh2 Qg5 19. Qxg5 hxg5 20. Ng4 Nf5 21. Bxf5 gxf5 22. Ne3 f6 23. cxd5 cxd5 24. f4 gxf4 25. Rxf4 fxe5 26. dxe5 Nxe5 27. Rd4 Nf7 28. Rc1 Kg7 29. Rd2 Rad8 30. Nb5 Ra8 31. Rc7 Rhb8 32. Nd6 Kg8 33. Nxb7 Ng5 34. Rdc2 a5 35. Re7 Kf8 36. Rcc7 Rc8 37. Nd6 Rxc7 38. Rxc7 Ne4 39. Nxe4 dxe4 40. Rc6 Kf7 41. Rxb6 a4 42. Nc4 Kf6 43. g4 Rg8 44. Ne3 fxg4 45. Nxg4+ Kf5 46. Rb5+ Kf4 47. Rb4 Ra8 48. b3 axb3 49. axb3 Kg3 50. Ra4 Rd8 51. Ra1 Kxh3 52. Nf2+ Kg3 53. Nxe4+ Kf4 54. Nc5 Rg8+ 55. Kf2 Kf5 56. b4 Rb8 57. Ra5 e5 58. b5 Kf6 59. Nd7+ Ke6 60. Nxb8 Kd6 61. b6 e4 62. b7 Kc7 63. Ke3 Kxb7 64. Kxe4 Kxb8 65. Rh5 Kc7 66. Rh6 Kd7 67. Ke5 Kc7 68. Kd5 Kb7 69. Kc5 Kc7 70. Rh7+ Kd8 71. Kd6 Ke8 72. Ra7 Kf8 73. Ke6 1-0

[Event "Quebec-ch U12"]
[Site "Montreal"]
[Date "2017.03.05"]
[Round "4"]
[White "Laroche, Hugo"]
[Black "Arcand, Louis"]
[Result "1-0"]
[WhiteElo "1339"]
[BlackElo "1271"]
[PlyCount "67"]
[EventDate "2017.03.04"]
[EventType "swiss"]
[EventRounds "5"]
[EventCountry "CAN"]
[SourceTitle "EXT 2022"]
[Source "ChessBase"]
[SourceDate "2021.10.06"]
[SourceVersion "1"]
[SourceVersionDate "2021.10.06"]
[SourceQuality "1"]

1. d4 d5 2. Bf4 e6 3. Nf3 Nf6 4. e3 Nbd7 5. Nbd2 c5 6. c3 b6 7. Bd3 Bb7 8. a4 Be7 9. h3 h6 10. 0-0 0-0 11. Qe2 Qc8 12. Bc2 Ba6 13. Bd3 Bb7 14. Rac1 Rd8 15. Bc2 Ba6 16. Bd3 c4 17. Bc2 Qb7 18. Ne5 Bd6 19. Nxd7 Rxd7 20. Bxd6 Rxd6 21. e4 dxe4 22. Nxe4 Nxe4 23. Bxe4 Qc8 24. Bxa8 Qxa8 25. f3 Qc6 26. Qe4 Rd5 27. a5 b5 28. Rce1 Bb7 29. Qf4 a6 30. Re5 Qc7 31. Qe3 Rd7 32. Rc5 Qd8 33. Qe5 Bd5 34. f4 1-0